Social media marketing theories & applications

Saved in:
Bibliografiske detaljer
Hovedforfatter: DAHL, Stephan
Format: Bog
Sprog:engelsk
Udgivet: SAGE 2015
Tags: Tilføj Tag
Ingen Tags, Vær først til at tagge denne postø!

MARC

LEADER 00000nam a22000007a 4500
008 201222b ||||| |||| 00| 0 eng d
020 |a 978-1-4462-8074-4 
100 |a DAHL, Stephan 
245 |a Social media marketing  |b  theories & applications  |c Stephan Dahl  |g xi, 268p., ill. 
260 |b SAGE  |c 2015  |h Los Angeles  |i 693415  |i 693416  |l HF 5415.13 .D13  |m Internet marketing.  |m Social media 
500 |a “It includes bibliographical references and index”. 
942 |a lcc  |c BK  |e O.A.JOHNSON  |f 22/12/20 
952 |0 0  |1 0  |2 lcc  |4 0  |6 HF541513 D13  |7 0  |9 1162  |a HOL  |b MPL  |c GJ  |d 2020-12-22  |l 0  |o HF 5415.13 .D13  |p 2020-230368  |r 2020-12-22 00:00:00  |w 2020-12-22  |y BK 
952 |0 0  |1 0  |2 lcc  |4 0  |6 HF541513 D13  |7 0  |9 1163  |a HOL  |b HOL  |c GJ  |d 2020-12-22  |l 0  |o HF 5415.13 .D13  |p 2020-230369  |r 2020-12-22 00:00:00  |w 2020-12-22  |y BK 
999 |c 608  |d 608